000 00479cam a2200169ua 4500
041 _aeng
_h
082 _a515.3
_bEDW/EL
100 _aEdwards, Joseph .
245 _aElementary treatise on differential calculus with applications and numerous example /
_cJoseph Edwards.
_hTextual Documents
250 _a3 /
_b.
260 _aNew York :
_bMcMillan and company ,
_c1961.
300 _a529 ; .
504 _a
942 _cBK
999 _c10127
_d10127